000 00709nas a2200241 4500
001 BR6008384
003 BR-BrBNA
005 20231205082054.0
007 ta
008 230509b bl.|||p| |||| 00| 00por d
040 _aBR-BrBNA
_bpor
_cBiblioteca Nacional de Agricultura
041 _a(Pt)
072 _aH50
100 1 _aCamargo, C.E. de O.
245 1 _aOcorrencia de chochamento em espigas de trigo no Estado de Sao Paulo [Triticum spp; Brasil!
650 _aTRIGO
650 _aCHOCHAMENTO
650 _aESPIGA
650 _aSAO PAULO
773 0 _tBragantia (Brazil)
_xISSN 0006-8705
_g(1976), v. 35(1) p. 107-113
_wBR6008384
909 _a202311
_bLúcia
_c55
_dLúcia Elande
942 _2AGRIS
_n0
_cANA
999 _c88980
_d88980